[Event "Nova Gorica op 28th"]
[Site "Nova Gorica"]
[Date "2024.02.02"]
[Round "9"]
[White "Hozjan, Erik"]
[Black "Rigatti, Giorgio"]
[Result "1/2-1/2"]
[WhiteElo "1897"]
[BlackElo "1749"]
[PlyCount "80"]
[EventDate "2024.01.26"]
[EventType "swiss"]
[EventRounds "9"]
[EventCountry "SLO"]
[SourceTitle "CB06_2024"]
[SourceDate "2024.02.07"]
[SourceVersion "1"]
[SourceVersionDate "2024.02.07"]
[SourceQuality "1"]

1. e4 c5 2. Nc3 d6 3. Bc4 e6 4. Nge2 a6 5. a4 Nf6 6. d3 Nc6 7. 0-0 Be7 8. Ng3 Bd7 9. Ba2 Qc7 10. f4 h5 11. f5 h4 12. fxe6 fxe6 13. Nge2 h3 14. g3 Nh5 15. Nf4 Nxf4 16. Bxf4 0-0-0 17. Qd2 Nd4 18. Ne2 Nxe2+ 19. Qxe2 e5 20. Bd2 Kb8 21. Rf7 Bf6 22. Bd5 Qc8 23. b4 Bc6 24. b5 Bxd5 25. exd5 e4 26. Rb1 a5 27. dxe4 b6 28. Rf1 Rd7 29. R1xf6 gxf6 30. Rxf6 Re8 31. Qg4 Rde7 32. Qg6 Rg8 33. Qh6 Qg4 34. Rf8+ Kc7 35. Rxg8 Qd1+ 36. Kf2 Rf7+ 37. Bf4 Qxc2+ 38. Ke3 Qb3+ 39. Ke2 Qc2+ 40. Ke3 Qb3+ 1/2-1/2

[Event "Nova Gorica op 28th"]
[Site "Nova Gorica"]
[Date "2024.01.27"]
[Round "2"]
[White "Vicic, Mark"]
[Black "Hozjan, Erik"]
[Result "0-1"]
[WhiteElo "1729"]
[BlackElo "1897"]
[PlyCount "80"]
[EventDate "2024.01.26"]
[EventType "swiss"]
[EventRounds "9"]
[EventCountry "SLO"]
[SourceTitle "CB06_2024"]
[SourceDate "2024.02.07"]
[SourceVersion "1"]
[SourceVersionDate "2024.02.07"]
[SourceQuality "1"]

1. b3 c5 2. Bb2 Nc6 3. e3 d5 4. Bb5 Bd7 5. Nf3 Nf6 6. 0-0 Qc7 7. c4 a6 8. Bxc6 Bxc6 9. Ne5 e6 10. d3 Bd6 11. f4 Nd7 12. Nxc6 Qxc6 13. Qg4 0-0-0 14. Nd2 f5 15. Qf3 Rhg8 16. Rac1 g5 17. b4 gxf4 18. exf4 d4 19. b5 Qxf3 20. Rxf3 Rg4 21. g3 Rdg8 22. Rcf1 e5 23. fxe5 Nxe5 24. Rxf5 Nxd3 25. bxa6 bxa6 26. Ba3 Re8 27. Rf6 Kc7 28. Nb3 Re2 29. Rf7+ Kc6 30. Na5+ Kb6 31. R1f6 Kxa5 32. Rxd6 Rxa2 33. Ra7 Nb4 34. Bxb4+ Kxb4 35. Raxa6 Rxa6 36. Rxa6 Kxc4 37. Kf2 Re4 38. Kf3 Re7 39. Rd6 d3 40. h4 Kc3 0-1

[Event "SLO-chT1 West 29th"]
[Site "Slovenia"]
[Date "2019.09.29"]
[Round "6.2"]
[White "Hozjan, Erik"]
[Black "Gregoric, Andraz"]
[Result "0-1"]
[WhiteElo "1962"]
[BlackElo "1825"]
[PlyCount "138"]
[EventDate "2019.09.20"]
[EventType "team-tourn"]
[EventRounds "9"]
[EventCountry "SLO"]
[SourceTitle "CBM 192 Extra"]
[Source "Chessbase"]
[SourceDate "2019.11.06"]
[SourceVersion "1"]
[SourceVersionDate "2019.11.06"]
[SourceQuality "1"]
[WhiteTeam "Posocje"]
[BlackTeam "Nova Gorica"]
[WhiteTeamCountry "SLO"]
[BlackTeamCountry "SLO"]

1. e4 e5 2. Nf3 Nc6 3. Bc4 Bc5 4. c3 Nf6 5. d3 d6 6. 0-0 a5 7. a4 h6 8. Nbd2 0-0 9. Re1 Be6 10. Qb3 Qd7 11. Nf1 Bg4 12. Ng3 Bxf3 13. gxf3 Qh3 14. Be3 h5 15. Bxc5 dxc5 16. Nf5 Kh7 17. Re3 g6 18. Ng3 h4 19. Ne2 Nd8 20. Kh1 Nh5 21. Rg1 Nf4 22. Qd1 Nxe2 23. Qxe2 Ne6 24. Bxe6 Qxe6 25. Rg4 Qe7 26. f4 exf4 27. Rxf4 Kg7 28. Qg4 Rh8 29. e5 Rh5 30. d4 cxd4 31. cxd4 c5 32. Ref3 Rf8 33. Rf6 cxd4 34. e6 Qxf6 35. Rxf6 Kxf6 36. Qxd4+ Kxe6 37. Qb6+ Ke7 38. Qxb7+ Kf6 39. Qe4 Kg7 40. Kg2 h3+ 41. Kf1 Rd8 42. b4 axb4 43. Qxb4 Rd1+ 44. Ke2 Rdd5 45. f4 Rdf5 46. Qe4 Rc5 47. Kf2 Rhd5 48. Qe2 Kh7 49. Qb2 Rc4 50. Qa2 Rxf4+ 51. Kg3 Rfd4 52. Kf3 Rf5+ 53. Kg3 Rd3+ 54. Kg4 Rfd5 55. Qf2 Rf5 56. Qh4+ Kg7 57. Qe1 Rd4+ 58. Kxh3 Rxa4 59. Qc3+ Kh7 60. Qb3 Raf4 61. Kg3 Rf3+ 62. Qxf3 Rxf3+ 63. Kxf3 Kg7 64. Kf4 Kf6 65. h4 Ke6 66. Kg5 Ke5 67. Kh6 Kf6 68. Kh7 g5 69. h5 g4 0-1

[Event "SLO-chT2 West"]
[Site "Komenda"]
[Date "2018.11.25"]
[Round "7.5"]
[White "Jersic, Aleks"]
[Black "Hozjan, Erik"]
[Result "0-1"]
[WhiteElo "1650"]
[BlackElo "1953"]
[PlyCount "112"]
[EventDate "2018.11.10"]
[EventType "team-tourn"]
[EventRounds "7"]
[EventCountry "SLO"]
[SourceTitle "EXT 2020"]
[Source "ChessBase"]
[SourceDate "2019.10.17"]
[SourceVersion "1"]
[SourceVersionDate "2019.10.17"]
[SourceQuality "1"]
[WhiteTeam "Ljubljana SK II"]
[BlackTeam "Posocje"]
[WhiteTeamCountry "SLO"]
[BlackTeamCountry "SLO"]

1. e4 c5 2. c3 d5 3. exd5 Qxd5 4. d4 Nf6 5. Nf3 Bg4 6. Nbd2 cxd4 7. cxd4 Nc6 8. Bc4 Bxf3 9. Bxd5 Bxd1 10. Bxc6+ bxc6 11. Kxd1 e6 12. Nb3 Be7 13. Ke2 0-0 14. Bd2 Rfd8 15. Rac1 Rac8 16. Rc2 Ne4 17. Ba5 Rd7 18. Rhc1 Bf6 19. Rxc6 Rxc6 20. Rxc6 h5 21. f3 Ng5 22. Rc8+ Kh7 23. h4 Nxf3 24. Kxf3 Bxd4 25. Nxd4 Rxd4 26. g3 Ra4 27. Bc3 Rxa2 28. Rc5 Kh6 29. Ra5 Rxa5 30. Bxa5 g5 31. Bd8 gxh4 32. gxh4 Kg6 33. Kf4 f6 34. Ba5 Kf7 35. b4 a6 36. Bb6 Kg7 37. Ke4 Kg6 38. Bf2 Kf7 39. Kd4 e5+ 40. Ke4 Ke6 41. Kd3 Kd5 42. Be1 f5 43. Ke3 Kc4 44. Kf3 Kd3 45. Bg3 Kd4 46. Bh2 Kd5 47. Ke3 Kd6 48. Bg1 Kd5 49. Bh2 Kd6 50. Kd2 Kd5 51. Kc3 Ke4 52. Kc4 f4 53. Bg1 Kf3 54. Kd5 e4 55. Bd4 e3 56. Bc3 Ke2 0-1

[Event "SLO-chT2 West"]
[Site "Komenda"]
[Date "2018.11.24"]
[Round "5.5"]
[White "Redek, Leon"]
[Black "Hozjan, Erik"]
[Result "0-1"]
[WhiteElo "1561"]
[BlackElo "1953"]
[PlyCount "44"]
[EventDate "2018.11.10"]
[EventType "team-tourn"]
[EventRounds "7"]
[EventCountry "SLO"]
[SourceTitle "EXT 2020"]
[Source "ChessBase"]
[SourceDate "2019.10.17"]
[SourceVersion "1"]
[SourceVersionDate "2019.10.17"]
[SourceQuality "1"]
[WhiteTeam "Vrhnika II"]
[BlackTeam "Posocje"]
[WhiteTeamCountry "SLO"]
[BlackTeamCountry "SLO"]

1. d4 f5 2. Nf3 Nf6 3. e3 e6 4. Be2 Be7 5. 0-0 b6 6. c4 Bb7 7. Nc3 Ne4 8. d5 Nxc3 9. bxc3 0-0 10. Re1 Bf6 11. Qd2 e5 12. Ba3 d6 13. Bf1 g5 14. h3 g4 15. hxg4 fxg4 16. Nh2 g3 17. fxg3 e4 18. Ng4 Nd7 19. Nf2 Qe7 20. Nh3 Qg7 21. Nf4 Bxc3 22. Qc2 Bxa1 0-1

[Event "SLO-chT1 West"]
[Site "Slovenia"]
[Date "2016.12.10"]
[Round "8"]
[White "Hozjan, Erik"]
[Black "Petek, Francka"]
[Result "1-0"]
[WhiteElo "1873"]
[BlackElo "2001"]
[PlyCount "79"]
[EventDate "2016.11.11"]
[EventType "team-tourn"]
[EventRounds "9"]
[EventCountry "SLO"]
[SourceTitle "EXT 2018"]
[Source "ChessBase"]
[SourceDate "2017.10.13"]
[SourceVersion "1"]
[SourceVersionDate "2017.10.13"]
[SourceQuality "1"]
[WhiteTeam "Posocje"]
[BlackTeam "Gorenjka Lesce"]
[WhiteTeamCountry "SLO"]
[BlackTeamCountry "SLO"]

1. e4 b6 2. d4 Bb7 3. Nc3 e6 4. Be2 Bb4 5. Bf3 Ne7 6. Nge2 0-0 7. 0-0 Ng6 8. a3 Be7 9. Ng3 d5 10. exd5 exd5 11. Nf5 Bf6 12. Re1 c6 13. g3 Na6 14. h4 Nc7 15. h5 Ne7 16. Nxe7+ Bxe7 17. h6 Bf6 18. hxg7 Bxg7 19. Kg2 Bc8 20. Rh1 Bf5 21. Bh6 Qf6 22. Bxg7 Qxg7 23. Rh4 Ne6 24. Qd2 Rae8 25. Rah1 Bg6 26. Ne2 f5 27. c4 Rd8 28. cxd5 cxd5 29. Nf4 Nxf4+ 30. Qxf4 Rfe8 31. Rc1 Re7 32. Rc6 Red7 33. Rh6 Rf8 34. Bh5 Rf6 35. Rxf6 Qxf6 36. Bxg6 hxg6 37. Qb8+ Qd8 38. Qe5 Qc7 39. Rh8+ Kf7 40. Rh7+ 1-0

[Event "SLO-chT1 West"]
[Site "Slovenia"]
[Date "2016.11.27"]
[Round "6"]
[White "Hozjan, Erik"]
[Black "Ribicic, Marko"]
[Result "1-0"]
[WhiteElo "1873"]
[BlackElo "1794"]
[PlyCount "81"]
[EventDate "2016.11.11"]
[EventType "team-tourn"]
[EventRounds "9"]
[EventCountry "SLO"]
[SourceTitle "EXT 2018"]
[Source "ChessBase"]
[SourceDate "2017.10.13"]
[SourceVersion "1"]
[SourceVersionDate "2017.10.13"]
[SourceQuality "1"]
[WhiteTeam "Posocje"]
[BlackTeam "Piran"]
[WhiteTeamCountry "SLO"]
[BlackTeamCountry "SLO"]

1. e4 e5 2. Nf3 Nc6 3. Bc4 Be7 4. d4 exd4 5. c3 d6 6. Qb3 Na5 7. Bxf7+ Kf8 8. Qa4 Kxf7 9. Qxa5 c5 10. Qxd8 Bxd8 11. cxd4 Bg4 12. dxc5 Bxf3 13. gxf3 dxc5 14. Nc3 Nf6 15. Be3 b6 16. 0-0-0 Be7 17. e5 Nh5 18. Rd7 Rhd8 19. Rhd1 Ke6 20. Rb7 Rxd1+ 21. Kxd1 Rd8+ 22. Ke2 Rd7 23. Rxd7 Kxd7 24. Kd3 g5 25. Ke4 Ke6 26. Nb5 a5 27. Nc7+ Kd7 28. Nd5 Bd8 29. a4 Ng7 30. Nf6+ Bxf6 31. exf6 Ne6 32. Kf5 h6 33. h3 Kd6 34. f4 gxf4 35. Bxf4+ Kd5 36. f7 c4 37. Bxh6 b5 38. f8Q Nxf8 39. Bxf8 b4 40. Bg7 c3 41. Bxc3 1-0

[Event "SLO-chT2 West"]
[Site "Slovenia"]
[Date "2015.11.07"]
[Round "6"]
[White "Kralj, Nejc"]
[Black "Hozjan, Erik"]
[Result "0-1"]
[WhiteElo "1545"]
[BlackElo "1838"]
[PlyCount "52"]
[EventDate "2015.10.17"]
[EventType "team-tourn"]
[EventRounds "7"]
[EventCountry "SLO"]
[SourceTitle "EXT 2019"]
[Source "ChessBase"]
[SourceDate "2018.10.10"]
[SourceVersion "1"]
[SourceVersionDate "2018.10.10"]
[SourceQuality "1"]
[WhiteTeam "Komenda II"]
[BlackTeam "Posocje"]
[WhiteTeamCountry "SLO"]
[BlackTeamCountry "SLO"]

1. e4 c5 2. Nf3 Nc6 3. d4 cxd4 4. Nxd4 Nf6 5. Nc3 e5 6. Ndb5 d6 7. Bg5 a6 8. Na3 b5 9. Nd5 Be7 10. Bxf6 gxf6 11. Qd2 Be6 12. 0-0-0 Rc8 13. Kb1 f5 14. Nxe7 Qxe7 15. Qxd6 Qxd6 16. Rxd6 Ke7 17. Rd1 fxe4 18. Be2 Nd4 19. Rxd4 exd4 20. Ka1 b4 21. Nb1 Rxc2 22. Re1 f5 23. f3 Rg8 24. g3 e3 25. f4 Rd8 26. Bd3 Rxh2 0-1

[Event "SLO-chT2 West"]
[Site "Slovenia"]
[Date "2015.11.01"]
[Round "4"]
[White "Bajec, Borut"]
[Black "Hozjan, Erik"]
[Result "0-1"]
[WhiteElo "1790"]
[BlackElo "1838"]
[PlyCount "72"]
[EventDate "2015.10.17"]
[EventType "team-tourn"]
[EventRounds "7"]
[EventCountry "SLO"]
[SourceTitle "EXT 2019"]
[Source "ChessBase"]
[SourceDate "2018.10.10"]
[SourceVersion "1"]
[SourceVersionDate "2018.10.10"]
[SourceQuality "1"]
[WhiteTeam "Trzin"]
[BlackTeam "Posocje"]
[WhiteTeamCountry "SLO"]
[BlackTeamCountry "SLO"]

1. d4 f5 2. c4 Nf6 3. Nc3 e6 4. Nf3 Be7 5. e3 0-0 6. Bd3 b6 7. e4 fxe4 8. Nxe4 Bb7 9. Qc2 Nxe4 10. Bxe4 Bb4+ 11. Bd2 Bxe4 12. Qxe4 Bxd2+ 13. Nxd2 Nc6 14. 0-0 Qg5 15. Rad1 Rf4 16. Qe3 Qf5 17. Nf3 Rf8 18. a3 d6 19. d5 Re4 20. Qc3 Rg4 21. Kh1 Nd8 22. h3 Rf4 23. dxe6 Nxe6 24. Rd5 Qg6 25. b3 Rxf3 26. gxf3 Nf4 27. Rg1 Qxg1+ 28. Kxg1 Ne2+ 29. Kf1 Nxc3 30. Rd3 Nb1 31. b4 Rf4 32. Ke2 Rxc4 33. Rb3 Rc2+ 34. Kd3 Rc1 35. a4 Kf7 36. a5 Ke6 0-1

[Event "Ljubljana-chT 68th Superliga"]
[Site "Ljubljana"]
[Date "2015.01.08"]
[Round "1.3"]
[White "Persl, Bojan"]
[Black "Hozjan, Erik"]
[Result "1-0"]
[WhiteElo "2063"]
[BlackElo "1866"]
[PlyCount "63"]
[EventDate "2015.01.08"]
[EventType "team-tourn"]
[EventRounds "9"]
[EventCountry "SLO"]
[SourceTitle "EXT 2022"]
[Source "ChessBase"]
[SourceDate "2021.10.06"]
[SourceVersion "1"]
[SourceVersionDate "2021.10.06"]
[SourceQuality "1"]
[WhiteTeam "Klinicni Center"]
[BlackTeam "Crni Vitezi"]
[WhiteTeamCountry "SLO"]
[BlackTeamCountry "SLO"]

1. e4 c5 2. Nf3 Nc6 3. Nc3 e6 4. d4 cxd4 5. Nxd4 Nf6 6. Ndb5 d6 7. Bf4 e5 8. Bg5 a6 9. Bxf6 gxf6 10. Na3 b5 11. Nd5 Be7 12. c3 f5 13. Bd3 Be6 14. Qh5 f4 15. g3 Rb8 16. Nc2 Qd7 17. Be2 fxg3 18. hxg3 Kd8 19. Nce3 Kc8 20. a4 Bd8 21. axb5 axb5 22. 0-0 f6 23. Ra6 Rg8 24. Rd1 Rg5 25. Qh6 Rg6 26. Qh1 Bc7 27. Rxc6 Qxc6 28. Ne7+ Kb7 29. Nxc6 Kxc6 30. Qxh7 Rgg8 31. Nd5 Bd8 32. Ne7+ 1-0

[Event "SLO-chT2 West"]
[Site "Ljubljana"]
[Date "2014.10.18"]
[Round "3.6"]
[White "Hozjan, Erik"]
[Black "Pretnar, Bostjan"]
[Result "1-0"]
[WhiteElo "1848"]
[BlackElo "1727"]
[PlyCount "43"]
[EventDate "2014.10.17"]
[EventType "team-tourn"]
[EventRounds "9"]
[EventCountry "SLO"]
[SourceTitle "EXT 2019"]
[Source "ChessBase"]
[SourceDate "2018.10.10"]
[SourceVersion "1"]
[SourceVersionDate "2018.10.10"]
[SourceQuality "1"]
[WhiteTeam "Posocje"]
[BlackTeam "Radovljica"]
[WhiteTeamCountry "SLO"]
[BlackTeamCountry "SLO"]

1. e4 Nf6 2. Nc3 d5 3. exd5 Nxd5 4. Bc4 e6 5. Nf3 Be7 6. 0-0 0-0 7. Re1 c6 8. d4 Nd7 9. Qe2 Re8 10. Ne4 N7f6 11. c3 a5 12. a4 Qc7 13. Ne5 Nxe4 14. Qxe4 b6 15. Nxc6 Bb7 16. Bxd5 exd5 17. Nxe7+ Kh8 18. Qe5 Qd7 19. Bg5 h6 20. Bf6 gxf6 21. Qxf6+ Kh7 22. Qxf7+ 1-0

[Event "Ljubljana-chT 67th"]
[Site "Gostovanja"]
[Date "2014.03.06"]
[Round "6.4"]
[White "Hozjan, Erik"]
[Black "Becic, Semso"]
[Result "1-0"]
[WhiteElo "1833"]
[BlackElo "1766"]
[PlyCount "122"]
[EventDate "2014.01.09"]
[EventType "team-tourn"]
[EventRounds "9"]
[EventCountry "SLO"]
[SourceTitle "EXT 2015"]
[Source "ChessBase"]
[SourceDate "2014.11.20"]
[SourceVersion "1"]
[SourceVersionDate "2014.11.20"]
[SourceQuality "1"]
[WhiteTeam "Crni Vitezi"]
[BlackTeam "Zelenci LPP"]
[WhiteTeamCountry "SLO"]
[BlackTeamCountry "SLO"]

1. e4 e5 2. Nf3 d6 3. Bc4 Bg4 4. h3 Bh5 5. Nc3 Nf6 6. d3 Be7 7. Be3 0-0 8. Qd2 c6 9. Bb3 b5 10. g4 Bg6 11. a4 b4 12. Ne2 c5 13. g5 Nh5 14. Bd5 Na6 15. Bxa8 Qxa8 16. Ng3 Nxg3 17. fxg3 c4 18. 0-0 Nc5 19. Bxc5 dxc5 20. Nxe5 Qb8 21. Nxc4 Qxg3+ 22. Qg2 Qxg5 23. Qxg5 Bxg5 24. Rf3 f6 25. Re1 Bf7 26. Nd6 Be6 27. Nb5 Bd7 28. e5 Bc6 29. Rff1 Bxb5 30. axb5 Re8 31. exf6 Rxe1 32. Rxe1 Bxf6 33. b3 Kf7 34. Kg2 Bd4 35. Kf3 g6 36. Ke4 Ke6 37. Kf4+ Kf7 38. Kg5 Bg7 39. Rf1+ Ke6 40. h4 Ke7 41. h5 gxh5 42. Kxh5 Be5 43. Kh6 Bc7 44. Kxh7 Ke6 45. Re1+ Kd5 46. Re4 Kd6 47. Kg6 Bd8 48. Kf5 Bb6 49. Re6+ Kd5 50. Re4 Kd6 51. Kf4 Kd5 52. Kf3 Bd8 53. Rg4 Bf6 54. Rg6 Bd8 55. Ra6 Bb6 56. Kf4 Kd4 57. Kf5 Kd5 58. Kf6 Kd6 59. Ra2 Bd8+ 60. Kf7 Bb6 61. Kg6 Bc7 1-0

[Event "Ljubljana-chT 67th"]
[Site "Gostovanja"]
[Date "2014.01.30"]
[Round "4.3"]
[White "Bajo, Tin"]
[Black "Hozjan, Erik"]
[Result "0-1"]
[WhiteElo "1651"]
[BlackElo "1833"]
[PlyCount "118"]
[EventDate "2014.01.09"]
[EventType "team-tourn"]
[EventRounds "9"]
[EventCountry "SLO"]
[SourceTitle "EXT 2015"]
[Source "ChessBase"]
[SourceDate "2014.11.20"]
[SourceVersion "1"]
[SourceVersionDate "2014.11.20"]
[SourceQuality "1"]
[WhiteTeam "Kocevje"]
[BlackTeam "Crni Vitezi"]
[WhiteTeamCountry "SLO"]
[BlackTeamCountry "SLO"]

1. e4 c5 2. c3 d5 3. exd5 Qxd5 4. d4 Nc6 5. Nf3 Bg4 6. Be2 e6 7. 0-0 Nf6 8. Be3 Rd8 9. dxc5 Qxd1 10. Rxd1 Rxd1+ 11. Bxd1 Be7 12. Nbd2 0-0 13. Bc2 Rd8 14. h3 Bh5 15. g4 Bg6 16. Bxg6 hxg6 17. Rc1 Nd5 18. b4 Bf6 19. Ne4 Ne5 20. Nxf6+ gxf6 21. Nxe5 Nxe3 22. fxe3 fxe5 23. a4 Rd2 24. Rb1 Rd3 25. Rb3 Kf8 26. Kf2 Ke7 27. a5 Kd7 28. Ra3 a6 29. g5 e4 30. Rb3 Kc6 31. Kg3 e5 32. b5+ axb5 33. Kf2 Kxc5 34. Rb4 Rxc3 35. Rxe4 Kd5 36. Rb4 Kc6 37. Re4 Rc5 38. Ke2 Rd5 39. Rb4 Kc5 40. Rb1 b4 41. Rc1+ Kd6 42. Rb1 Rb5 43. Kd3 b3 44. Kc4 Kc6 45. Rb2 Rxa5 46. Rxb3 Ra4+ 47. Kd3 b5 48. Rc3+ Kd6 49. Kc2 Rc4 50. Rxc4 bxc4 51. e4 Kc5 52. Kc3 Kb5 53. Kc2 Kb4 54. Kb2 c3+ 55. Kc1 Kb3 56. Kb1 c2+ 57. Kc1 Kc3 58. h4 Kd3 59. h5 gxh5 0-1

[Event "Ljubljana-chT 67th"]
[Site "Gostovanja"]
[Date "2014.01.16"]
[Round "2.3"]
[White "Abe, Aljaz"]
[Black "Hozjan, Erik"]
[Result "1/2-1/2"]
[WhiteElo "1780"]
[BlackElo "1833"]
[PlyCount "75"]
[EventDate "2014.01.09"]
[EventType "team-tourn"]
[EventRounds "9"]
[EventCountry "SLO"]
[SourceTitle "EXT 2015"]
[Source "ChessBase"]
[SourceDate "2014.11.20"]
[SourceVersion "1"]
[SourceVersionDate "2014.11.20"]
[SourceQuality "1"]
[WhiteTeam "Loka Pri Mengsu"]
[BlackTeam "Crni Vitezi"]
[WhiteTeamCountry "SLO"]
[BlackTeamCountry "SLO"]

1. e4 c5 2. Nf3 Nc6 3. d4 cxd4 4. Nxd4 Nf6 5. Nc3 e5 6. Nb3 Bb4 7. Bd3 d5 8. exd5 Nxd5 9. Bd2 Be6 10. Qh5 g6 11. Qe2 0-0 12. Nxd5 Bxd2+ 13. Qxd2 Qxd5 14. 0-0-0 Nd4 15. h4 h6 16. Qxh6 e4 17. Bf1 Nxb3+ 18. axb3 Qa5 19. Kb1 Rad8 20. Be2 Rxd1+ 21. Rxd1 Rd8 22. Rxd8+ Qxd8 23. Qe3 f5 24. Qxa7 Qxh4 25. Qb8+ Kf7 26. Qxb7+ Kf6 27. Qb6 Qh1+ 28. Ka2 Ke5 29. g3 Qc1 30. c3 Qd2 31. Qc7+ Kf6 32. Bb5 Qxf2 33. Qh7 Qxg3 34. Qh8+ Kg5 35. Qd8+ Kh5 36. Qh8+ Kg5 37. Qd8+ Kh6 38. Qh8+ 1/2-1/2

[Event "SLO-chT2 West"]
[Site "Ljubljana"]
[Date "2013.11.09"]
[Round "2.6"]
[White "Hozjan, Erik"]
[Black "Pazlar, Marko"]
[Result "0-1"]
[WhiteElo "1832"]
[BlackElo "2049"]
[PlyCount "128"]
[EventDate "2013.11.08"]
[EventType "team"]
[EventRounds "9"]
[EventCountry "SLO"]
[SourceTitle "EXT 2015"]
[Source "ChessBase"]
[SourceDate "2014.11.20"]
[SourceVersion "1"]
[SourceVersionDate "2014.11.20"]
[SourceQuality "1"]
[WhiteTeam "Hidria Tolmin"]
[BlackTeam "Jesenice"]
[WhiteTeamCountry "SLO"]
[BlackTeamCountry "SLO"]

1. e4 e6 2. d4 d5 3. Nd2 f5 4. exd5 exd5 5. Ngf3 Nf6 6. Bd3 Bd6 7. 0-0 0-0 8. Ne5 c5 9. c3 Re8 10. f4 cxd4 11. cxd4 Qb6 12. Nb3 Nc6 13. Nxc6 bxc6 14. Qc2 Ne4 15. Be3 Rb8 16. Rac1 Bd7 17. Kh1 g6 18. Bg1 a5 19. Rb1 Qb4 20. Bxe4 Rxe4 21. Nd2 Re2 22. Rf2 Rxf2 23. Bxf2 Bxf4 24. Nf3 Re8 25. Re1 Rxe1+ 26. Bxe1 Qb5 27. Qf2 a4 28. g3 Bd6 29. Kg2 c5 30. Bc3 c4 31. Qe3 Qb8 32. Ng5 Qe8 33. Qxe8+ Bxe8 34. Nf3 Kf7 35. Ng5+ Kg7 36. h4 h6 37. Nf3 a3 38. bxa3 Bxa3 39. Kf2 Ba4 40. Ne1 Bd6 41. Kf3 Bd1+ 42. Kf2 g5 43. hxg5 hxg5 44. Ng2 Bc2 45. Ne3 Be4 46. a4 f4 47. gxf4 gxf4 48. Ng4 Kf7 49. a5 Bf5 50. Nh6+ Ke6 51. Nxf5 Kxf5 52. Kf3 Bb8 53. Bd2 Ba7 54. Bxf4 c3 55. Bc1 Bxd4 56. a6 Ba7 57. Be3 c2 58. Bc1 d4 59. Ke2 Ke4 60. Bh6 Bc5 61. Kd2 d3 62. Bg5 Bb4+ 63. Kc1 Ba3+ 64. Kd2 c1Q# 0-1

[Event "SLO-chT2 West"]
[Site "Ljubljana"]
[Date "2013.11.09"]
[Round "3.6"]
[White "Milicevic, David"]
[Black "Hozjan, Erik"]
[Result "1/2-1/2"]
[WhiteElo "1608"]
[BlackElo "1832"]
[PlyCount "89"]
[EventDate "2013.11.08"]
[EventType "team"]
[EventRounds "9"]
[EventCountry "SLO"]
[SourceTitle "EXT 2015"]
[Source "ChessBase"]
[SourceDate "2014.11.20"]
[SourceVersion "1"]
[SourceVersionDate "2014.11.20"]
[SourceQuality "1"]
[WhiteTeam "Komenda Popotnik"]
[BlackTeam "Hidria Tolmin"]
[WhiteTeamCountry "SLO"]
[BlackTeamCountry "SLO"]

1. d4 f5 2. Bf4 Nf6 3. e3 e6 4. Nf3 Be7 5. Nbd2 b6 6. Bd3 Bb7 7. 0-0 0-0 8. h3 d6 9. Bc4 d5 10. Bb3 Ne4 11. Ne5 Nd7 12. c3 Nxe5 13. Bxe5 Bd6 14. Nf3 g5 15. Bxd6 cxd6 16. Nh2 Qe8 17. Bc2 Ba6 18. Re1 Qg6 19. Bxe4 fxe4 20. Qa4 Bd3 21. Qd7 Rfd8 22. Qe7 Bb5 23. Ng4 Rf8 24. Qxd6 h5 25. Nh2 Qf5 26. Qg3 h4 27. Qg4 Qxf2+ 28. Kh1 Qf6 29. Qh5 Kg7 30. Ng4 Qg6 31. Qxg6+ Kxg6 32. Kg1 a5 33. a3 Rf5 34. Rac1 a4 35. Rc2 Raf8 36. Rf2 Rxf2 37. Nxf2 Kf6 38. Ng4+ Ke7 39. Ne5 Kd6 40. Rc1 Bc4 41. Nxc4+ dxc4 42. Rf1 Rf5 43. Rf2 Kd5 44. Rf1 Kd6 45. Rf2 1/2-1/2

[Event "SLO-chT2 West"]
[Site "Ljubljana"]
[Date "2012.10.20"]
[Round "2.6"]
[White "Markic, Vladimir"]
[Black "Hozjan, Erik"]
[Result "1/2-1/2"]
[WhiteElo "1763"]
[BlackElo "1758"]
[PlyCount "39"]
[EventDate "2012.10.19"]
[EventType "team-tourn"]
[EventRounds "9"]
[EventCountry "SLO"]
[SourceTitle "EXT 2022"]
[Source "ChessBase"]
[SourceDate "2021.10.06"]
[SourceVersion "1"]
[SourceVersionDate "2021.10.06"]
[SourceQuality "1"]
[WhiteTeam "Trzin Buscotrade"]
[BlackTeam "Tolmin Hidria"]
[WhiteTeamCountry "SLO"]
[BlackTeamCountry "SLO"]

1. d4 Nf6 2. Nf3 e6 3. e3 d5 4. Bd3 c5 5. c3 Nc6 6. Nbd2 cxd4 7. exd4 Bd6 8. 0-0 0-0 9. Qe2 Qc7 10. Re1 Re8 11. Ne5 Bxe5 12. dxe5 Nd7 13. f4 f5 14. Nf3 Nc5 15. Bc2 b6 16. Be3 Ba6 17. Qf2 Ne4 18. Qh4 Qe7 19. Qxe7 Rxe7 20. Nd4 1/2-1/2

[Event "SLO-chT2 West"]
[Site "Postojna"]
[Date "2009.10.25"]
[Round "5.6"]
[White "Vidic, Miha"]
[Black "Hozjan, Erik"]
[Result "1-0"]
[WhiteElo "1999"]
[BlackElo "1721"]
[PlyCount "45"]
[EventDate "2009.10.23"]
[EventType "team-tourn"]
[EventRounds "9"]
[EventCountry "SLO"]
[SourceTitle "EXT 2010"]
[Source "ChessBase"]
[SourceDate "2010.11.25"]
[SourceVersion "1"]
[SourceVersionDate "2010.11.25"]
[SourceQuality "1"]
[WhiteTeam "Piran"]
[BlackTeam "Tolmin Hidria"]
[WhiteTeamCountry "SLO"]
[BlackTeamCountry "SLO"]

1. d4 d5 2. c4 c6 3. Nf3 e6 4. e3 Nf6 5. b3 Qa5+ 6. Bd2 Bb4 7. a3 Bxd2+ 8. Nbxd2 0-0 9. Bd3 Qc3 10. Qb1 Ne4 11. b4 Nxd2 12. Nxd2 a5 13. Ke2 axb4 14. Rc1 Qxa3 15. Rxa3 bxa3 16. Bxh7+ Kh8 17. Bd3 dxc4 18. Nxc4 b5 19. Qb4 Nd7 20. Nb6 Rb8 21. Qe7 Rxb6 22. Qh4+ Kg8 23. Qh7# 1-0

[Event "SLO-chT U20"]
[Site "Nova Gorica"]
[Date "2009.08.22"]
[Round "1"]
[White "Topic, Jelena"]
[Black "Hozjan, Erik"]
[Result "1-0"]
[WhiteElo "1930"]
[BlackElo "1721"]
[PlyCount "75"]
[EventDate "2009.08.22"]
[EventType "team-tourn"]
[EventRounds "9"]
[EventCountry "SLO"]
[SourceTitle "CBM 132 Extra"]
[Source "ChessBase"]
[SourceDate "2009.11.03"]
[SourceVersion "1"]
[SourceVersionDate "2009.11.03"]
[SourceQuality "1"]

1. e4 c5 2. Nf3 Nc6 3. d3 g6 4. g3 Bg7 5. c3 b6 6. Bg2 Bb7 7. Nbd2 e6 8. 0-0 Nge7 9. Re1 0-0 10. h4 Qc7 11. a4 f5 12. Nc4 fxe4 13. dxe4 d5 14. exd5 exd5 15. Ne3 d4 16. cxd4 Nxd4 17. Nxd4 Bxd4 18. Ra3 Bxg2 19. Kxg2 Qc6+ 20. f3 Rad8 21. Qb3+ Kh8 22. Ng4 Nf5 23. Bf4 Nxh4+ 24. Kh3 c4 25. Qb5 Qxb5 26. axb5 Rxf4 27. gxf4 Bxb2 28. Ra2 Nxf3 29. Re7 h5 30. Rxb2 hxg4+ 31. Kxg4 Nd4 32. Rc7 Nf5 33. Kg5 Ne3 34. Re2 Rd5+ 35. Kxg6 Rd6+ 36. Kg5 Rd3 37. f5 Nd5 38. Re8# 1-0